000
00305 a2200109 4500
001
75406
005
20260126111342.0
090
_a
75406
100
_a
20260126 pory50
200
_a
A sereníssima república: contos completos 1876-1883
_f
Machado de Assis e Amândio Reis
210
_c
E-primatur
_d
2025
942
_c
MON